| 000 | 01037nam a22002897a 4500 | ||
|---|---|---|---|
| 001 | BR7805917 | ||
| 003 | BR-BrBNA | ||
| 005 | 20230928085726.0 | ||
| 007 | ta | ||
| 008 | 230509b bl.||||| |||| 00| 0 por d | ||
| 040 |
_aBR-BrBNA _bpor _cBiblioteca Nacional de Agricultura |
||
| 041 | _a(Por) | ||
| 072 |
_aH10 _b2120 _b3877 _b4020 |
||
| 090 | _ 2120 BR7805917 | ||
| 100 | 1 | _aDegaspari, M. | |
| 110 | 1 |
_aEscola Superior de Agricultura Luiz de Queiroz, Piracicaba, SP (Brasil) _0Tese (Mestre em Entomologia) |
|
| 245 | 1 | _aControle do bicho-mineiro do cafeeiro, Perileucoptera cofeella (Guerin - meneville, 1842)(Lepidoptera, Lyonetiidae)com inseticidas sistemicos granulados aplicados no solo | |
| 260 | 3 |
_aPiracicaba, SP (Brasil): _c1978. |
|
| 300 | _a77 p. | ||
| 500 | _a(*) Documento disponível no(a) Instituto Brasileiro do Cafe, Rio de Janeiro, RJ | ||
| 650 | _aCAFE | ||
| 650 | _aBICHO MINEIRO | ||
| 650 | _aINSETICIDA SISTEMICO | ||
| 650 | _aCONTROLE QUIMICO | ||
| 909 |
_a202309 _bLucia _c55 _dLucia Elande |
||
| 942 | _cBK | ||
| 999 |
_c25999 _d25999 |
||